000 01148cam a2200217 4500
001 WB3806-06
008 020212n2002 000 0 eng u
035 _a(Sirsi) u116696
245 _aReduce, reclaim, reuse, recycle
260 _c2002
490 _aRICS Press Release
_v(027) 12 February 2002, (2)
520 _aRICS has published three sustainable construction guides aimed at reducing waste on construction projects. The leaflets promote a four 'R' strategy to reduce, reclaim, re-use and recycle construction materials are will be targeted at local authorities, property arms of large corporations and local builders' merchants. The guides are available at: http://www.rics.org/ricscms/bin/show?class=Feature&template=/includes/showfeature.html&id=106. RICS Press Release http://www.rics.org.uk/ricscms/bin/show?class=PressRelease&template=/includes/showpr.html&id=668
590 _aWB
650 _aWASTE MINIMISATION
650 _aCONSTRUCTION PROJECTS
650 _aWASTE MANAGEMENT
650 _aCONSTRUCTION WASTE
650 _aSUSTAINABLE CONSTRUCTION
690 _aBUILDING AND CONSTRUCTION-SUSTAINABLE
942 _n0
999 _c69502
_d69502